| 000 | 00637nam a2200229 a 4500 | ||
|---|---|---|---|
| 999 |
_c10717 _d10717 |
||
| 001 | 10717 | ||
| 003 | BD-JhCC | ||
| 005 | 20190620134008.0 | ||
| 008 | 180811s2018 ben |||| ||a| 00| 0 ben d | ||
| 020 | _a9789849113254 | ||
| 035 | _a(BD-JhCC)10717 | ||
| 040 |
_aBD-JhCC _dBD-JhCC |
||
| 041 | _aben | ||
| 082 |
_223 _a891.4435 _bSOF 2005 |
||
| 100 | _aছফা, আহমদ | ||
| 245 |
_aছোট গল্প / _cআহমদ ছফা |
||
| 260 |
_aঢাকা : _bমাতৃভূমি, _c২০১৮ |
||
| 300 |
_a১৮৮ পৃ. : _c22 cm. |
||
| 650 | _aShort stories, Bengali | ||
| 942 |
_2ddc _cBK _02 |
||